Geography Quiz

Random Geography or City Quiz

Texas 'Twin' Cities Quiz Stats

 Plays Quiz not verified by Sporcle

Score 0/20 Timer 06:00
0 Plays Today
Better Known In/Also In City % Correct
Texas / Georgia, Iowa, OregonDallas
92.3%
Texas / New Mexico, FloridaSan Antonio
86.5%
Ohio / TexasColumbus
84.2%
Texas / MinnesotaAustin
82%
Texas / Illinois, Wisconsin, Minnesota, PennsylvaniaEl Paso
68.9%
Ohio / TexasCleveland
66.2%
Georgia / TexasAtlanta
62.2%
Michigan / TexasDetroit
62.2%
Texas / MississippiHouston
59%
California / TexasSan Diego
56.8%
Better Known In/Also In City % Correct
Virginia / TexasArlington
56.3%
Texas / GeorgiaWaco
53.6%
North Carolina / TexasCharlotte
52.7%
New York / TexasAlbany
47.7%
Ohio / TexasDayton
46.8%
Texas / KansasAbilene
41.9%
Florida / TexasJacksonville
35.1%
Texas / MissouriLaredo
27.9%
Texas / California, KentuckyBeaumont
24.8%
Texas / PennsylvaniaBrownsville
17.1%

You're not logged in!

Compare scores with friends on all Sporcle quizzes.
OR
Log In

Sporcle TV

Today on Sporcle TV


Watch our educational content, quiz creation guides, and fun videos on Sporcle TV.

Show Comments

Extras

Created Nov 10, 2010SourceReportNominate
Tags:City Quiz, better, known, tea, twins

Top Quizzes Today


Score Distribution

Your Account Isn't Verified!

In order to create a playlist on Sporcle, you need to verify the email address you used during registration. Go to your Sporcle Settings to finish the process.

Report this User

Report this user for behavior that violates our Community Guidelines.

Details: